Cyberspaces of everyday life (Record no. 239801)
[ view plain ]
| 000 -LEADER | |
|---|---|
| fixed length control field | 01730nam a2200433 a 4500 |
| 082 04 - DEWEY DECIMAL CLASSIFICATION NUMBER | |
| Classification number | 303.48/34 |
| 100 1# - MAIN ENTRY--AUTHOR NAME | |
| Personal name | Nunes, Mark, |
| 245 10 - TITLE STATEMENT | |
| Title | Cyberspaces of everyday life |
| 260 ## - PUBLICATION, DISTRIBUTION, ETC. (IMPRINT) | |
| Place of publication | Minneapolis : |
| Name of publisher | University of Minnesota Press, |
| Year of publication | c2006. |
| 300 ## - PHYSICAL DESCRIPTION | |
| Number of Pages | xxvii, 223 p. |
| 490 1# - SERIES STATEMENT | |
| Series statement | Electronic mediations ; |
| 505 0# - FORMATTED CONTENTS NOTE | |
| Formatted contents note | The problem of cyberspace -- Virtual worlds and situated spaces : topographies of the World Wide Web -- Email, the letter, and the post -- Student bodies. |
| 650 #0 - SUBJECT ADDED ENTRY--TOPICAL TERM | |
| Topical Term | Cyberspace. |
| Topical Term | Electronic villages (Computer networks) |
| Topical Term | Social networks. |
| Topical Term | Telematics. |
| 856 40 - ELECTRONIC LOCATION AND ACCESS | |
| Uniform Resource Identifier | http://site.ebrary.com/lib/rucke/Doc?id=10180210 |
No items available.
